| 000 | 00423nam a2200133 i 4500 | ||
|---|---|---|---|
| 001 | 23446 | ||
| 003 | ES-MaACL | ||
| 007 | t| | ||
| 008 | 021210s1888 sp ||||1| spa d | ||
| 100 | 1 |
_aAllende, Tomás de. _920013 |
|
| 245 | 1 | 0 |
_aExpediente cancelado de demasía a la mina Mame _b: contestación al folleto relativo a este asunto / _cTomás de Allende. |
| 260 |
_aBilbao : _b[s.n.], _c1888. |
||
| 852 |
_aES-MaACL _jT-902-F-2 |
||
| 999 |
_c23446 _d23446 |
||